| 000 | 00350nam a2200157Ia 4500 | ||
|---|---|---|---|
| 100 | _aNegus/Christopher | ||
| 650 | _aFedora | ||
| 942 | _cBK | ||
| 366 | _f20 | ||
| 654 | _afedora 8 | ||
| 245 | _aFedora 8 and Red Hat enterprise Linux | ||
| 260 |
_bWiley India _aMumbai _c2008 |
||
| 082 |
_a005.133/NEG _bNEG |
||
| 300 | _a1080 | ||
| 546 | _aENGLISH | ||
| 999 |
_c23067 _d23067 |
||